9a : Games we like

Bibliographic Details
Main Author: Murray, W.
Corporate Author: Title
Other Authors: Wingfield, J.H
Format: Book
Published: London : Ladybird
Series:Key words with Ladybird
Subjects:

MARC

LEADER 00000cam a2200000 7i4500
001 0000005509
005 20151222.0
008 070806
020 |a 184422371X 
090 0 0 |a JF   |b EL ENG (4842) 
100 1 |a Murray, W. 
245 1 0 |a 9a :   |b Games we like   |c Written by W. Murray; illustrated by M. Aitchison 
260 |a London :   |b Ladybird 
440 0 |a Key words with Ladybird 
500 |a Children ages 7-9 years old (orange) 
650 0 |a Early learning 
650 0 |a Junior preschool   |x English   |x Languages 
700 1 |a Wingfield, J.H. 
710 0 |a Title 
999 |a 0000893912   |b Book   |c Children Collection   |e Cawangan Mersing 
999 |a 0000893917   |b Book   |c Children Collection   |e Cawangan Bandar Penawar 
999 |a 0000893919   |b Book   |c Children Collection   |e Cawangan Tmn. Ungku Tun Aminah 
999 |a 0000893920   |b Book   |c Children Collection   |e Cawangan Tmn. Ungku Tun Aminah 
999 |a 0000893922   |b Book   |c Children Collection   |e Cawangan Mersing 
999 |a 0000979758   |b Book   |c Children Collection   |e Cawangan Sri Merlong 
999 |a 0000979759   |b Book   |c Children Collection   |e Perbadanan Perpustakaan Awam Johor 
999 |a 0000979760   |b Book   |c Children Collection   |e Cawangan Sri Merlong 
999 |a 0000979761   |b Book   |c Children Collection   |e Perbadanan Perpustakaan Awam Johor 
999 |a 0000979762   |b Book   |c Children Collection   |e Cawangan Sri Merlong 
999 |a 000893913   |b Book   |c Children Collection   |e Cawangan Batu Pahat 
999 |a 184422371x   |b Book   |c Children Collection   |e Cawangan Sri Merlong